| 000 | 00494nam a2200205Ia 4500 | ||
|---|---|---|---|
| 008 | 170918s9999 xx 000 0 und d | ||
| 020 | _a9780590454193 | ||
| 050 | _bH351 1993 | ||
| 100 | _aHaskins, Jim | ||
| 245 | _aGet on board : | ||
| 245 | _bthe story of the underground railroad / | ||
| 245 | _cby Jim Haskins. | ||
| 260 | _aNew York : | ||
| 260 | _bScholastic, | ||
| 260 | _c1993 | ||
| 300 | _a152 pages : | ||
| 300 | _billustrations ; | ||
| 300 | _c19cm. | ||
| 500 | _a1180 | ||
| 999 |
_c343283 _d343283 |
||